[Event "Medjimurje Cup"]
[Site "Croatia "]
[Date "2020.02.23"]
[Round "3.3"]
[White "Lesar, David"]
[Black "Novak, Ivan2"]
[Result "0-1"]
[WhiteElo "1910"]
[BlackElo "2192"]
[PlyCount "52"]
[EventDate "2020.02.09"]
[EventType "team-swiss"]
[EventRounds "6"]
[EventCountry "CRO"]
[SourceTitle "CBM 195 Extra"]
[Source "ChessBase"]
[SourceDate "2020.05.31"]
[SourceVersion "1"]
[SourceVersionDate "2020.05.31"]
[SourceQuality "1"]

1. e4 e5 2. Nf3 Nc6 3. d4 exd4 4. Nxd4 Nf6 5. Nxc6 bxc6 6. e5 Qe7 7. Qe2 Nd5 8. c4 Ba6 9. Qe4 Nb6 10. b3 d5 11. Qf4 dxc4 12. Bxc4 Nxc4 13. bxc4 Qe6 14. Nd2 Bb4 15. 0-0 0-0 16. Ne4 Be7 17. Re1 Bxc4 18. Re3 Rfd8 19. Ba3 Bxa3 20. Rxa3 Re8 21. Nf6+ gxf6 22. Qh6 Kh8 23. Rh3 Qf5 24. exf6 Rg8 25. Rc1 Bd5 26. Rg3 Rg6 0-1

[Event "Medimurska CupT"]
[Site "Croatia"]
[Date "2019.02.24"]
[Round "3.6"]
[White "Lesar, David"]
[Black "Ivancic, Dario"]
[Result "1-0"]
[WhiteElo "1904"]
[BlackElo "1710"]
[PlyCount "37"]
[EventDate "2019.02.10"]
[EventType "team-swiss"]
[EventRounds "6"]
[EventCountry "CRO"]
[SourceTitle "EXT 2020"]
[Source "ChessBase"]
[SourceDate "2019.10.17"]
[SourceVersion "1"]
[SourceVersionDate "2019.10.17"]
[SourceQuality "1"]

1. e4 d6 2. d4 Nf6 3. Nc3 g6 4. Bd3 c6 5. f4 Bg7 6. Nf3 0-0 7. h3 b5 8. a3 Bb7 9. 0-0 a6 10. Be3 Qc7 11. e5 Nfd7 12. e6 Nb6 13. exf7+ Kh8 14. Ng5 Bc8 15. Nxh7 Nc4 16. Nxf8 Bxf8 17. Bxg6 Nxe3 18. Qh5+ Kg7 19. Ne4 1-0

[Event "CRO-chT3 Centar-B"]
[Site "Croatia"]
[Date "2017.05.07"]
[Round "3.3"]
[White "Lesar, David"]
[Black "Ziskovic, Nikola"]
[Result "0-1"]
[WhiteElo "1873"]
[BlackElo "1808"]
[PlyCount "68"]
[EventDate "2017.04.02"]
[EventType "team-tourn"]
[EventRounds "9"]
[EventCountry "CRO"]
[SourceTitle "EXT 2019"]
[Source "ChessBase"]
[SourceDate "2018.10.10"]
[SourceVersion "1"]
[SourceVersionDate "2018.10.10"]
[SourceQuality "1"]

1. e4 c5 2. Nf3 Nc6 3. d4 cxd4 4. Nxd4 d6 5. Nc3 g6 6. Nde2 Bg7 7. g3 Nf6 8. Bg2 0-0 9. 0-0 Bd7 10. h3 Qc8 11. Kh2 Re8 12. Be3 Ne5 13. Qc1 Bc6 14. Bh6 Bh8 15. a4 b6 16. Bg5 Bb7 17. Rb1 Ned7 18. Nd5 Nxd5 19. exd5 Qc4 20. Re1 Nf6 21. b3 Qc7 22. c4 e5 23. Bxf6 Bxf6 24. Nc3 Bg7 25. g4 Bc8 26. Be4 f5 27. gxf5 gxf5 28. Bf3 Kh8 29. Bh5 Rg8 30. f3 Bf6 31. Nb5 Qe7 32. Qh6 Bg5 33. Qxd6 Bf4+ 34. Kh1 Qh4 0-1

[Event "CRO-chT3 Centar-B"]
[Site "Croatia"]
[Date "2017.04.02"]
[Round "1.4"]
[White "Resman, Boris"]
[Black "Lesar, David"]
[Result "1/2-1/2"]
[WhiteElo "1804"]
[BlackElo "1873"]
[PlyCount "66"]
[EventDate "2017.04.02"]
[EventType "team-tourn"]
[EventRounds "9"]
[EventCountry "CRO"]
[SourceTitle "EXT 2019"]
[Source "ChessBase"]
[SourceDate "2018.10.10"]
[SourceVersion "1"]
[SourceVersionDate "2018.10.10"]
[SourceQuality "1"]

1. e4 c5 2. Nf3 d6 3. d4 cxd4 4. Nxd4 Nf6 5. Nc3 Bd7 6. Bg5 Nc6 7. Qd2 h6 8. Bh4 g5 9. Bg3 Bg7 10. Nf5 Bxf5 11. exf5 Qa5 12. Bd3 0-0-0 13. Ne2 Qb6 14. c3 e5 15. fxe6 fxe6 16. f3 Ne5 17. 0-0-0 Nxd3+ 18. Qxd3 e5 19. Rhf1 Rhe8 20. Bf2 Qa5 21. Kb1 Kb8 22. Ng3 d5 23. Qg6 Bh8 24. Qxh6 g4 25. Qe3 Ka8 26. Qc5 Qa6 27. fxg4 Ne4 28. Nxe4 dxe4 29. Rxd8+ Rxd8 30. Re1 Qd3+ 31. Kc1 Qd2+ 32. Kb1 Qd3+ 33. Kc1 Qd2+ 1/2-1/2

[Event "CRO-chT3B Center North"]
[Site "Croatia"]
[Date "2016.04.24"]
[Round "4.2"]
[White "Zadravec, Matija"]
[Black "Lesar, David"]
[Result "1-0"]
[WhiteElo "2015"]
[BlackElo "1920"]
[PlyCount "49"]
[EventDate "2016.04.03"]
[EventType "team-tourn"]
[EventRounds "9"]
[EventCountry "CRO"]
[SourceTitle "EXT 2019"]
[Source "ChessBase"]
[SourceDate "2018.10.10"]
[SourceVersion "1"]
[SourceVersionDate "2018.10.10"]
[SourceQuality "1"]

1. e4 c5 2. c3 d5 3. exd5 Qxd5 4. d4 Nf6 5. Nf3 Bg4 6. Be2 e6 7. Na3 a6 8. Nc4 Nbd7 9. Ne3 Qc6 10. Nxg4 Nxg4 11. 0-0 Bd6 12. dxc5 Qxc5 13. h3 Ngf6 14. Be3 Qc7 15. Nd4 0-0 16. Bf3 Rad8 17. Qe2 Ne5 18. Bg5 Nxf3+ 19. Qxf3 Be7 20. Rfe1 Rd5 21. Bh4 Nh5 22. Bxe7 Qxe7 23. Qxd5 Nf4 24. Qf3 Ng6 25. Rad1 1-0

[Event "HUN-chT2 Szechenyi 1516"]
[Site "Hungary"]
[Date "2015.12.06"]
[Round "6.5"]
[White "Simo, Judit"]
[Black "Lesar, David"]
[Result "0-1"]
[WhiteElo "1888"]
[BlackElo "1915"]
[PlyCount "62"]
[EventDate "2015.09.13"]
[EventType "team-tourn"]
[EventRounds "11"]
[EventCountry "HUN"]
[SourceTitle "CBM 170 Extra"]
[Source "ChessBase"]
[SourceDate "2016.02.25"]
[SourceVersion "1"]
[SourceVersionDate "2016.02.25"]
[SourceQuality "1"]
[WhiteTeam "Tapolca Kolcsey"]
[BlackTeam "HVSE Infraplan"]
[WhiteTeamCountry "HUN"]
[BlackTeamCountry "HUN"]

1. e4 c5 2. Nf3 d6 3. d4 cxd4 4. Nxd4 Nf6 5. Nc3 e6 6. Be2 Nc6 7. 0-0 Be7 8. Be3 0-0 9. f4 a6 10. f5 Ne5 11. g4 h6 12. g5 hxg5 13. Bxg5 Nh7 14. Bxe7 Qxe7 15. Kh1 b6 16. fxe6 fxe6 17. Rxf8+ Qxf8 18. Bg4 Qe7 19. a3 Bd7 20. Qe2 Rf8 21. Qg2 Rf4 22. Be2 Nc6 23. Nb3 Nf6 24. Rf1 Rh4 25. Rd1 Ne5 26. Rd2 Bc6 27. Bd3 Nfg4 28. Qg3 Nxd3 29. cxd3 Qf6 30. Re2 Qf1+ 31. Qg1 Qf3+ 0-1

[Event "Medimurska CupT"]
[Site "Croatia"]
[Date "2014.02.08"]
[Round "1.2"]
[White "Lesar, David"]
[Black "Tramburovski, Stevan"]
[Result "1-0"]
[WhiteElo "1907"]
[BlackElo "1891"]
[PlyCount "47"]
[EventDate "2014.02.08"]
[EventType "team-swiss"]
[EventRounds "6"]
[EventCountry "CRO"]
[SourceTitle "EXT 2023"]
[Source "ChessBase"]
[SourceDate "2022.10.05"]
[SourceVersion "1"]
[SourceVersionDate "2022.10.05"]
[SourceQuality "1"]

1. e4 e6 2. d4 d5 3. Nc3 dxe4 4. Nxe4 Nf6 5. Bd3 Nc6 6. Nf3 Nb4 7. c3 Nxd3+ 8. Qxd3 Nxe4 9. Qxe4 Qd5 10. Qg4 h6 11. 0-0 c5 12. Re1 cxd4 13. cxd4 a6 14. Bd2 g6 15. a3 Bd6 16. Ne5 h5 17. Qf4 Bxe5 18. Rxe5 Qc4 19. Qf6 Rh7 20. Rc5 Qa4 21. Rc7 Kf8 22. Bb4+ Kg8 23. Qd8+ Kg7 24. Bf8+ 1-0

[Event "CRO-chT3B Center North"]
[Site "Cakovec"]
[Date "2010.10.16"]
[Round "8.13"]
[White "Skiljan, Branko"]
[Black "Lesar, David"]
[Result "1/2-1/2"]
[WhiteElo "1864"]
[BlackElo "1786"]
[PlyCount "107"]
[EventDate "2010.03.27"]
[EventType "team-tourn"]
[EventRounds "9"]
[EventCountry "CRO"]
[SourceTitle "EXT 2012"]
[Source "ChessBase"]
[SourceDate "2011.11.24"]
[SourceVersion "1"]
[SourceVersionDate "2011.11.24"]
[SourceQuality "1"]

1. d4 f5 2. c4 Nf6 3. Nc3 g6 4. Nf3 Bg7 5. Bf4 0-0 6. e3 d6 7. Bd3 c6 8. Qb3 Kh8 9. 0-0 h6 10. Bg3 g5 11. h3 Qe8 12. Qc2 Qd7 13. c5 b5 14. b4 Na6 15. a3 Nc7 16. Rad1 Ncd5 17. Rc1 Nxc3 18. Qxc3 Ne4 19. Qc2 Nxg3 20. fxg3 e5 21. dxe5 dxe5 22. Rcd1 Qc7 23. e4 f4 24. Kh2 Be6 25. Be2 Rfd8 26. Rxd8+ Rxd8 27. Rd1 fxg3+ 28. Kxg3 Kg8 29. Rxd8+ Qxd8 30. Kh2 Kf7 31. Qd2 Qf6 32. Kh1 Qe7 33. Ng1 Bf6 34. Bh5+ Kf8 35. Ne2 Bf7 36. Ng3 Be6 37. Bg6 Qd7 38. Qxd7 Bxd7 39. Bf5 Bxf5 40. Nxf5 h5 41. g4 hxg4 42. hxg4 Ke8 43. Kg2 Kd7 44. Kf3 Ke8 45. Ke3 Kd7 46. Kd3 Ke6 47. Kc3 Kd7 48. Kb3 a6 49. Nd6 Be7 50. Nf7 Ke6 51. Nh6 Bf8 52. Nf5 Be7 53. Ne3 Kd7 54. a4 1/2-1/2

[Event "Szombathely op-B"]
[Site "Szombathely"]
[Date "2010.07.30"]
[Round "6"]
[White "Makk, Norbert"]
[Black "Lesar, David"]
[Result "1-0"]
[WhiteElo "1914"]
[BlackElo "1460"]
[PlyCount "129"]
[EventDate "2010.07.28"]
[EventType "swiss"]
[EventRounds "9"]
[EventCountry "HUN"]
[SourceTitle "EXT 2012"]
[Source "ChessBase"]
[SourceDate "2011.11.24"]
[SourceVersion "1"]
[SourceVersionDate "2011.11.24"]
[SourceQuality "1"]

1. e4 c5 2. Nf3 d6 3. d4 cxd4 4. Nxd4 Nf6 5. Nc3 Nc6 6. Bc4 e6 7. Be3 Be7 8. 0-0 0-0 9. Qe2 Bd7 10. f3 Nxd4 11. Bxd4 Bc6 12. Rad1 Qc7 13. Bb3 a6 14. Rfe1 b5 15. Qf2 Qb7 16. Ne2 a5 17. c3 a4 18. Bc2 e5 19. Be3 d5 20. Ng3 b4 21. Bc5 Bxc5 22. Qxc5 b3 23. axb3 axb3 24. Bxb3 dxe4 25. Nxe4 Bxe4 26. fxe4 Qxb3 27. Rd2 Rfe8 28. Rf2 Ra2 29. Qc6 Qe6 30. Qb5 Rea8 31. Rd2 Ra1 32. Rde2 Rxe1+ 33. Rxe1 h6 34. c4 Nxe4 35. Qb7 Ra2 36. Qxe4 Rxb2 37. Qxe5 Qxe5 38. Rxe5 Kf8 39. Rc5 Rc2 40. Rc7 Ke8 41. h3 g6 42. Kh2 f6 43. Kg3 Kd8 44. Rf7 Rc3+ 45. Kh2 f5 46. Rf6 Rxc4 47. Rxg6 Rh4 48. Kg3 Rh5 49. h4 Ke7 50. Ra6 Kf7 51. Kh3 Kg7 52. g3 Kh7 53. Ra4 Kg7 54. Kg2 Kf6 55. Kf3 Kg6 56. Kf4 Kf6 57. Ra6+ Ke7 58. Ke5 Kf7 59. Rf6+ Ke7 60. Rxf5 Rxf5+ 61. Kxf5 Kf7 62. h5 Kg7 63. Ke6 Kg8 64. Kf6 Kh7 65. Kf7 1-0

[Event "Szombathely op-B"]
[Site "Szombathely"]
[Date "2010.07.28"]
[Round "1"]
[White "Szabo, Gabor1"]
[Black "Lesar, David"]
[Result "1/2-1/2"]
[WhiteElo "1888"]
[BlackElo "1460"]
[PlyCount "94"]
[EventDate "2010.07.28"]
[EventType "swiss"]
[EventRounds "9"]
[EventCountry "HUN"]
[SourceTitle "EXT 2012"]
[Source "ChessBase"]
[SourceDate "2011.11.24"]
[SourceVersion "1"]
[SourceVersionDate "2011.11.24"]
[SourceQuality "1"]

1. e4 c5 2. Nf3 d6 3. d4 cxd4 4. Nxd4 Nf6 5. Nc3 e6 6. Bg5 h6 7. Bh4 Nc6 8. Nb3 Be7 9. Qd2 0-0 10. Bg3 d5 11. exd5 Nxd5 12. Nxd5 Qxd5 13. Qxd5 exd5 14. 0-0-0 Be6 15. Bd3 Rac8 16. Kb1 Nb4 17. Nd4 Nxd3 18. Rxd3 Bc5 19. Nxe6 fxe6 20. f3 b5 21. Be5 Rc6 22. Re1 Rfc8 23. Re2 a5 24. f4 Bd6 25. Bxd6 Rxd6 26. Rde3 Rf8 27. g3 Rf6 28. Kc1 Kf7 29. h4 Rf5 30. Kd2 g5 31. fxg5 hxg5 32. g4 Rf4 33. hxg5 Rxg4 34. Rf3+ Ke7 35. Rh2 Rxg5 36. Rh7+ Ke8 37. Ra7 Rg2+ 38. Kd3 e5 39. Rh3 Rdg6 40. Rh8+ Rg8 41. Rxg8+ Rxg8 42. Rxa5 Rg3+ 43. Kd2 Rg2+ 44. Kd1 Rg1+ 45. Kd2 Rg2+ 46. Kd1 Rg1+ 47. Kd2 Rg2+ 1/2-1/2

[Event "CRO-ch U13 19th"]
[Site "Sibenik"]
[Date "2010.06.29"]
[Round "3"]
[White "Lesar, David"]
[Black "Krsnik Cohar, Ivan Vihor"]
[Result "0-1"]
[WhiteElo "1464"]
[BlackElo "1793"]
[PlyCount "88"]
[EventDate "2010.06.28"]
[EventType "swiss"]
[EventRounds "9"]
[EventCountry "CRO"]
[SourceTitle "CBM 137 Extra"]
[Source "ChessBase"]
[SourceDate "2010.09.01"]
[SourceVersion "1"]
[SourceVersionDate "2010.09.01"]
[SourceQuality "1"]

1. e4 d5 2. exd5 Qxd5 3. Nc3 Qd6 4. d4 Nf6 5. Bc4 Bg4 6. Nge2 e6 7. 0-0 Be7 8. h3 Bf5 9. Bf4 Qd8 10. d5 exd5 11. Nxd5 Nxd5 12. Qxd5 Qxd5 13. Bxd5 c6 14. Bb3 0-0 15. Rad1 Na6 16. Bd6 Bxd6 17. Rxd6 Nc5 18. Rfd1 a5 19. Ng3 Bg6 20. R1d2 h5 21. Bc4 h4 22. Rxg6 hxg3 23. fxg3 b5 24. Rxc6 Ne4 25. Rd4 Nxg3 26. Bxb5 Rab8 27. Rd5 g6 28. Ra6 Ra8 29. Rxa8 Rxa8 30. Bd3 Nh5 31. c4 Nf4 32. Rd6 Rc8 33. b3 a4 34. Bc2 Ne2+ 35. Kf2 Nc3 36. Rd3 Nxa2 37. bxa4 Nb4 38. Rc3 Nd5 39. Rf3 Rxc4 40. Bb3 Rc5 41. Bxd5 Rxd5 42. Ra3 Ra5 43. Ke3 Rg5 44. a5 Rg3+ 0-1